000 00610nam a2200217Ii 4500
003 JO-AjNU
008 230606s9999||||xx |||||||||||||| ||und||
020 _a978-007-125940-8
040 _aJO-AjNU
_beng
_erda
_cJO-AjNU
041 _aeng
050 1 4 _aTA775.S2374.2008
100 3 _aSalgado, Rodrigo,
_eauthor
_94164
245 0 4 _aThe Engineering of Foundations
250 _a1 ed
264 3 1 _aLondon:Mcgraw hill2008
300 _a882p
336 _atext
_btxt
_2rdacontent
337 _aunmediated
_bn
_2rdamedia
338 _avolume
_bnc
_2rdacarrier
650 4 _aThe Engineering of Foundations
_94165
999 _aE2167
_c2165
_d2165